| 000 | 00943cam a2200217 4500 | ||
|---|---|---|---|
| 001 | WB3818-06 | ||
| 008 | 020514n2002 000 0 eng u | ||
| 035 | _a(Sirsi) u117958 | ||
| 245 | _aCosts of tall buildings to increase | ||
| 260 | _c2002 | ||
| 490 |
_aConstruction News _v9 May 2002, 4(1) |
||
| 520 | _aDr John Roberts, one of Britain's top structural engineers has warned that the cost of construction of tall buildings is likely to escalate as a result of the terrorist attacks on New York. This is mentioned after the publication of the US governments's official report into the performance of buildings at the WTC site. Structural costs are likely to rise by 10%. | ||
| 590 | _aWB | ||
| 650 | _aBUILDING QUALITY | ||
| 650 | _aTERRORIST ATTACKS | ||
| 650 | _aWORLD TRADE CENTER | ||
| 650 | _aAMERICAN SOCIETY OF CIVIL ENGINEERS | ||
| 650 | _aTALL BUILDINGS | ||
| 690 | _aBUILT ENVIRONMENT-BUILDING STANDARDS | ||
| 942 | _n0 | ||
| 999 |
_c70249 _d70249 |
||